1734 1039 1895 1216 1977 1749 1598 1803 1499 1487 1028 1800 1753 1987 1158 1644 1727 1044 1938 1795 1388 1403 1175 1540 1123 1085 1436 1049 1048 1482 1598 1097 1810 1947 1403 1662 1285 1778 1269 1134 1345 1545 1106 1971 1632 1360 1579 1555 1600 1136 1243 1795 1862 1988 1890 1524 1343 1015 1664 1603 1438 1525 1420 1406 1582 1023 1340 1353 1390 1333 1463 1513 1926 1255 1515 1885 1822 1971 1490 1262 1919 1897 1104 1460 1591 1774 1650 1861 1815 1165 1974 1282 1460 1037 1629 1022 1586 1806 1169 BCNSPRNW ULIB Ver.6.0+V

เปลี่ยนเป็นภาษาไทย

Change to English
 แสดงรายละเอียดบรรณานุกรม
  กลับหน้าหลัก

Brief Record : Get Marc (ISO 2709) : E-mail record : QR code < ปิดหน้าต่าง
LEADER : 00000nam 2200000uu 4500
001    13399128640
003     ULIB
008    230925s2565||||th 000 0 tha d
020    ^a9786165784412
050    ^aBF158.1^bพ147ค
100 0  ^aพงษกรณ์ พรไพศาล
245    ^aคัมภีร์สร้างความรวย ฉบับคนไม่เอาถ่าน
250    ^aพิมพ์ครั้งที่ 1
260    ^aกรุงเทพฯ :^bเพชรประกาย,^c2565
300    ^a240 หน้า ;^c19 ซม.
650    ^aความสำเร็จ
650    ^aการพัฒนาตนเอง
945    ^p225^l0^i29997
999    ^aกัณชพร จุลอักษร
รายการนี้ยังไม่มีแท็ก
คุณยังไม่ได้ล็อกอิน คุณสามารถมีกิจกรรมร่วมกับเว็บไซต์ได้ แต่ต้องล็อกอินก่อน ::
  ล็อกอิน

รายการสื่อสารสนเทศ

ลำดับที่ ประเภท เลขเรียก/บาร์โค้ด สถานที่ สถานะ
1. วิทยาศาสตร์การแพทย์ และสุขภาพ
วิทยาศาสตร์การแพทย์ และสุขภาพ
BF158.1 พ147ค ฉ.1 
  Barcode: 29997
ห้องสมุดวิทยาเขตนครสวรรค์
►หนังสือทั่วไป:l:General Books
บนชั้น

รายการใกล้เคียง
    ชื่อเรื่อง [คัมภีร์สร้างความรวย ฉบับคนไม่เอาถ่าน]

    ผู้แต่ง [พงษกรณ์ พรไพศาล]

    หัวเรื่อง [ความสำเร็จ]
    หัวเรื่อง [การพัฒนาตนเอง]

BibComment


ยังไม่เคยถูกคอมเมนท์

คอมเมนท์ทรัพยากรรายการนี้
  คอมเมนท์: คัมภีร์สร้างความ..


 Copyright 2026. Bcnsprnw @Library